000 00437cam a2200169u 4500
082 _a297.55
_bMUM
_cL-31,P159
100 0 _aMumtāz Muftī.
_9370
245 1 0 _aLabbaik.
260 _c1975.
300 _a319 p.
_b;
_c22 cm.
500 _aRomanized.
526 _a0
_b0
_c0
_d297_550000000000000_MUM
526 _a0
_b0
_c0
_d297_550000000000000_MUM
526 _a0
_b0
_c0
_d297_550000000000000_MUM
650 _aMCE
_9379
942 _2ddc
_cBK
999 _c542315
_d542315